| 000 | 02214nam0a2200361 4500 | ||
|---|---|---|---|
| 001 | RU\NLR\BIBL_A\022620560 | ||
| 005 | 20251118115236.0 | ||
| 010 |
_a978-5-903624-94-2 _9500 |
||
| 021 |
_aRU _bКН-П-25-043219 _9КН-П-25-4206 |
||
| 035 | _a(NLR Aleph) 022620560 | ||
| 090 |
_a13465435 _c13465435 |
||
| 100 | _a20250912d2025 u y0rusy50 ca | ||
| 101 | 0 | _arus | |
| 102 | _aRU | ||
| 105 | _aa j 000zy | ||
| 181 | 0 |
_ai3 _baxxe |
|
| 182 | 0 | _an | |
| 200 | 1 |
_aРефракционная лентикулярная хирургия роговицы _eучебно-методическое пособие _eдля студентов, ординаторов и врачей-офтальмологов _fC. В. Костенев, И. А. Мушкова, Л. В. Аждарова, А. А. Уянаева _gФедеральное государственное автономное учреждение Национальный медицинский исследовательский центр Межотраслевой научно-технический комплекс "Микрохирургия глаза" имени академика С. Н. Федорова Министерства здравоохранения Российской Федерации |
|
| 203 |
_aТекст _bвизуальный _cнепосредственный |
||
| 210 |
_aМосква _cОфтальмология _d2025 |
||
| 215 |
_a32 с. _cцв. ил. _d21 |
||
| 300 | _aНа обороте тит. с. 1-й и 2-й авт.: Костенев С. В. и Мушкова И. А. - д. м. н. | ||
| 320 | _aБиблиогр.: с. 28 (11 назв.) | ||
| 606 | 1 |
_aРоговица _xХирургия _jУчебно-методические пособия _2nlr_sh1 _2nlr_sh2 _3RU\NLR\AUTH\66970202 |
|
| 686 | 1 | _aР675.434я7 | |
| 701 | 1 |
_aКостенев _bС. В. _gСергей Владимирович |
|
| 701 | 1 |
_aМушкова _bИ. А. _gИрина Альфредовна |
|
| 701 | 1 |
_aАждарова _bЛ. В. |
|
| 701 | 1 |
_aУянаева _bА. А. |
|
| 942 | _cBOOK | ||
| 980 | _aNB | ||